[Event "Bad Griesbach Seniors op 23rd"]
[Site "Bad Griesbach"]
[Date "2021.11.18"]
[Round "5"]
[White "Schembera, Joerg"]
[Black "Ulmer, Heinz"]
[Result "1-0"]
[WhiteElo "1726"]
[BlackElo "1824"]
[PlyCount "63"]
[EventDate "2021.11.14"]
[EventType "swiss"]
[EventRounds "7"]
[EventCountry "GER"]
[SourceTitle "EXT 2024"]
[Source "ChessBase"]
[SourceDate "2023.10.10"]
[SourceVersion "1"]
[SourceVersionDate "2023.10.10"]
[SourceQuality "1"]

1. d4 d5 2. Nc3 Nf6 3. Bg5 e6 4. e4 dxe4 5. Nxe4 Be7 6. Bxf6 Bxf6 7. c3 Nd7 8. Bd3 b6 9. Nf3 Bb7 10. Qe2 Qe7 11. 0-0-0 e5 12. Nxf6+ gxf6 13. Bf5 0-0-0 14. dxe5 fxe5 15. Qxe5 Rhe8 16. Qxe7 Rxe7 17. Rhe1 Rxe1 18. Nxe1 h6 19. Nf3 Bxf3 20. gxf3 c5 21. Rd6 Kc7 22. Rxh6 Ne5 23. Be4 Rf8 24. b3 f5 25. Bd5 Nd3+ 26. Kd2 Ne5 27. c4 f4 28. Rh7+ Nd7 29. Be6 Rd8 30. Rxd7+ Rxd7+ 31. Bxd7 Kxd7 32. Kd3 1-0

[Event "Bad Griesbach Seniors op 13th"]
[Site "Bad Griesbach"]
[Date "2010.12.11"]
[Round "7"]
[White "Ulmer, Heinz"]
[Black "Klein, Reinhard"]
[Result "1-0"]
[WhiteElo "1684"]
[BlackElo "1732"]
[PlyCount "75"]
[EventDate "2010.12.05"]
[EventType "swiss"]
[EventRounds "7"]
[EventCountry "GER"]
[SourceTitle "EXT 2015"]
[Source "ChessBase"]
[SourceDate "2014.11.20"]
[SourceVersion "1"]
[SourceVersionDate "2014.11.20"]
[SourceQuality "1"]

1. d4 Nf6 2. Nf3 b6 3. c4 Bb7 4. e3 e6 5. Nc3 Bb4 6. Bd2 0-0 7. Bd3 d6 8. 0-0 Re8 9. Bc2 Nbd7 10. a3 Bxc3 11. Bxc3 Qe7 12. Nd2 e5 13. dxe5 Nxe5 14. e4 Rad8 15. f3 Ba6 16. b3 b5 17. cxb5 Bxb5 18. Re1 Nh5 19. Nf1 Nf4 20. Bd2 Ned3 21. Bxf4 Nxf4 22. Qd2 Qf6 23. Ne3 Qg5 24. Kh1 Bd7 25. Nd5 Ne6 26. Qxg5 Nxg5 27. Nxc7 Rf8 28. Nd5 f6 29. b4 Kf7 30. Bb3 Be6 31. h4 h6 32. hxg5 hxg5 33. g4 Rh8+ 34. Kg2 Rb8 35. a4 Rhc8 36. Rac1 a6 37. Rxc8 Rxc8 38. Re2 1-0

[Event "Bad Griesbach Seniors op 13th"]
[Site "Bad Griesbach"]
[Date "2010.12.09"]
[Round "5"]
[White "Ulmer, Heinz"]
[Black "Roesch, Alfred"]
[Result "1-0"]
[WhiteElo "1684"]
[BlackElo "1625"]
[PlyCount "99"]
[EventDate "2010.12.05"]
[EventType "swiss"]
[EventRounds "7"]
[EventCountry "GER"]
[SourceTitle "EXT 2015"]
[Source "ChessBase"]
[SourceDate "2014.11.20"]
[SourceVersion "1"]
[SourceVersionDate "2014.11.20"]
[SourceQuality "1"]

1. d4 Nf6 2. Nf3 e6 3. Bg5 Be7 4. c4 d5 5. e3 Nbd7 6. Nc3 c6 7. Bd3 0-0 8. 0-0 Ne8 9. Bf4 Bd6 10. Bxd6 Nxd6 11. c5 Ne8 12. b4 a6 13. a4 b6 14. Qc2 g6 15. cxb6 Qxb6 16. Rfb1 Nd6 17. Ne2 Bb7 18. h4 Rac8 19. h5 Kg7 20. Nf4 Ne4 21. hxg6 hxg6 22. Bxe4 dxe4 23. Qxe4 Qd8 24. Qc2 Qf6 25. Nd2 Rh8 26. Ne4 Qe7 27. Nc5 Nf6 28. Qe2 Rh6 29. Nxa6 Rch8 30. f3 Nd5 31. Nh3 Nc3 32. Qd3 Nxb1 33. Rxb1 Qh4 34. Nc5 Bc8 35. Qe4 Qxe4 36. fxe4 Rd8 37. b5 e5 38. b6 Bxh3 39. gxh3 exd4 40. b7 dxe3 41. b8Q Rxb8 42. Rxb8 Rxh3 43. Rb2 Rh5 44. Rc2 Re5 45. a5 f5 46. a6 f4 47. Kg2 g5 48. Kf3 g4+ 49. Kxg4 e2 50. Rxe2 1-0

[Event "Bad Griesbach Seniors op 11th"]
[Site "Bad Griesbach"]
[Date "2008.12.09"]
[Round "3"]
[White "Erhard, Walter"]
[Black "Ulmer, Heinz"]
[Result "0-1"]
[WhiteElo "1310"]
[BlackElo "1629"]
[PlyCount "66"]
[EventDate "2008.12.07"]
[EventType "swiss"]
[EventRounds "7"]
[EventCountry "GER"]
[SourceTitle "EXT 2015"]
[Source "ChessBase"]
[SourceDate "2014.11.20"]
[SourceVersion "1"]
[SourceVersionDate "2014.11.20"]
[SourceQuality "1"]

1. d4 Nf6 2. c4 e6 3. Nc3 c6 4. e3 d5 5. cxd5 exd5 6. a3 Bd6 7. Nf3 Bg4 8. Be2 Qc7 9. h3 Bh5 10. Nd2 Bg6 11. Bf3 0-0 12. 0-0 Re8 13. Re1 Nbd7 14. e4 dxe4 15. Ndxe4 Nxe4 16. Nxe4 Bxe4 17. Bxe4 Nf6 18. Bd3 Bf4 19. Bxf4 Qxf4 20. Rxe8+ Rxe8 21. Rc1 g6 22. Bb1 Rd8 23. g3 Qxd4 24. Qxd4 Rxd4 25. Bc2 Rc4 26. f3 Nd7 27. Rd1 Rxc2 28. Rxd7 Rxb2 29. Rd3 c5 30. Kf1 c4 31. Re3 Rb3 32. Ke2 Rxe3+ 33. Kxe3 b5 0-1

[Event "Bad Griesbach Seniors op 10th"]
[Site "Bad Griesbach"]
[Date "2007.12.03"]
[Round "2"]
[White "Ulmer, Heinz"]
[Black "Mehlhorn, Dieter"]
[Result "0-1"]
[WhiteElo "1670"]
[BlackElo "1804"]
[PlyCount "152"]
[EventDate "2007.12.02"]
[EventType "swiss"]
[EventRounds "7"]
[EventCountry "GER"]
[SourceTitle "EXT 2015"]
[Source "ChessBase"]
[SourceDate "2014.11.20"]
[SourceVersion "1"]
[SourceVersionDate "2014.11.20"]
[SourceQuality "1"]

1. d4 d5 2. c4 e6 3. Nf3 Nf6 4. Bg5 Nbd7 5. e3 c6 6. Nc3 Bb4 7. Qc2 Qa5 8. Nd2 dxc4 9. Bxf6 Nxf6 10. Nxc4 Qg5 11. a3 Bxc3+ 12. bxc3 0-0 13. Ne5 Rd8 14. h4 Qh6 15. g4 g5 16. Bg2 Nd7 17. hxg5 Qg7 18. Nxd7 Bxd7 19. Be4 Qxg5 20. Bxh7+ Kf8 21. 0-0-0 Qa5 22. Qb3 c5 23. Bc2 Ke7 24. dxc5 Qxc5 25. Qb4 Qxb4 26. axb4 Rg8 27. f3 Rac8 28. Kb2 Bc6 29. e4 Rc7 30. Ra1 a6 31. Ba4 b5 32. Bd1 Bb7 33. Be2 Rgc8 34. Rac1 Kf6 35. Rh5 Ke7 36. Kb3 Rd8 37. Rc2 Rdc8 38. c4 Kf6 39. e5+ Ke7 40. c5 Bd5+ 41. Kc3 Ra8 42. Kd4 a5 43. bxa5 Rxa5 44. f4 Ra4+ 45. Ke3 Re4+ 46. Kd2 Bc4 47. Bxc4 bxc4 48. f5 exf5 49. gxf5 Rxc5 50. Kc3 Rexe5 51. Kb4 Rxf5 52. Rxf5 Rxf5 53. Re2+ Kf6 54. Kxc4 Rf3 55. Kd4 Kf5 56. Rg2 Kf4 57. Rg7 f5 58. Rg8 Rf1 59. Kd3 Kf3 60. Kd2 Ra1 61. Rf8 Ra5 62. Ke1 f4 63. Kd2 Ra4 64. Re8 Kg3 65. Rg8+ Kf2 66. Rg7 Rd4+ 67. Kc2 Ke3 68. Rf7 Re4 69. Kd1 Kf2 70. Kd2 f3 71. Kd3 Re6 72. Rf8 Kg2 73. Rg8+ Kf1 74. Kd2 Re2+ 75. Kd1 Rg2 76. Rf8 f2 0-1

[Event "Bad Griesbach Seniors op 09th"]
[Site "Bad Griesbach"]
[Date "2006.12.07"]
[Round "5"]
[White "Meyer, Karlheinz"]
[Black "Ulmer, Heinz"]
[Result "1/2-1/2"]
[WhiteElo "1752"]
[BlackElo "1656"]
[PlyCount "120"]
[EventDate "2006.12.03"]
[EventType "swiss"]
[EventRounds "7"]
[EventCountry "GER"]
[SourceTitle "EXT 2015"]
[Source "ChessBase"]
[SourceDate "2014.11.20"]
[SourceVersion "1"]
[SourceVersionDate "2014.11.20"]
[SourceQuality "1"]

1. Nf3 d5 2. d4 Nf6 3. Nbd2 Bf5 4. e3 e6 5. c3 c6 6. b3 a5 7. Bb2 h6 8. Be2 Be7 9. 0-0 0-0 10. c4 Nbd7 11. Rc1 Rb8 12. Re1 b5 13. cxd5 cxd5 14. Rc6 Rb7 15. Qc1 Nb8 16. Ne5 Nxc6 17. Nxc6 Qc7 18. Nf3 Bd6 19. Nfe5 Ra8 20. a3 Rb6 21. a4 bxa4 22. bxa4 Bxe5 23. Nxe5 Rc8 24. Qa1 Qb7 25. Bb5 Rxb5 26. axb5 Qxb5 27. Rc1 Rc2 28. Rxc2 Bxc2 29. Qc1 Qe2 30. Qf1 Qxf1+ 31. Kxf1 Ne8 32. Ke1 a4 33. Kd2 Bb3 34. Kc3 Nd6 35. Nd3 g5 36. f3 Kg7 37. Nc5 h5 38. Nxb3 axb3 39. Kxb3 f5 40. Ba3 Nc4 41. Bc1 Kg6 42. Kc3 h4 43. Kd3 Nd6 44. Ba3 Nf7 45. Be7 Kh5 46. e4 g4 47. exf5 exf5 48. Ke3 h3 49. gxh3 gxf3 50. Kxf3 Kh6 51. Kf4 Kg6 52. h4 Nh6 53. h3 Nf7 54. h5+ Kxh5 55. Kxf5 Nh6+ 56. Ke6 Kg6 57. Kxd5 Kf7 58. Bg5 Nf5 59. Ke5 Ng3 60. Kd6 Ne4+ 1/2-1/2

[Event "Niederbayern-ch Seniors 46th"]
[Site "Vilshofen"]
[Date "2005.??.??"]
[Round "6"]
[White "Ulmer, Heinz"]
[Black "Schmidbauer, Franz"]
[Result "1/2-1/2"]
[WhiteElo "1683"]
[BlackElo "1906"]
[PlyCount "49"]
[EventDate "2005.03.29"]
[EventType "swiss"]
[EventRounds "7"]
[EventCountry "GER"]
[SourceTitle "EXT 2007"]
[Source "ChessBase"]
[SourceDate "2006.11.23"]
[SourceVersion "1"]
[SourceVersionDate "2006.11.23"]
[SourceQuality "1"]

1. d4 Nf6 2. c4 g6 3. Nc3 Bg7 4. e4 d6 5. g3 0-0 6. Nf3 Bg4 7. Bg2 Nc6 8. Be3 e5 9. 0-0 exd4 10. Bxd4 Nxd4 11. Qxd4 Re8 12. Qd3 Qc8 13. Rfe1 Bh3 14. Rad1 Bxg2 15. Kxg2 h6 16. b3 a6 17. h3 Nd7 18. Re2 Nc5 19. Qc2 Bxc3 20. Qxc3 Rxe4 21. Rxe4 Nxe4 22. Qe3 Ng5 23. Nxg5 hxg5 24. Qxg5 Qe6 25. Rd4 1/2-1/2

[Event "Bad Griesbach Seniors op 7th"]
[Site "Bad Griesbach"]
[Date "2004.12.10"]
[Round "6"]
[White "Rath, Paul"]
[Black "Ulmer, Heinz"]
[Result "1/2-1/2"]
[WhiteElo "1633"]
[BlackElo "1624"]
[PlyCount "122"]
[EventDate "2004.12.05"]
[EventType "swiss"]
[EventRounds "7"]
[EventCountry "GER"]
[SourceTitle "EXT 2006"]
[Source "ChessBase"]
[SourceDate "2005.11.24"]
[SourceVersion "1"]
[SourceVersionDate "2005.11.24"]
[SourceQuality "1"]

1. e4 d5 2. exd5 Qxd5 3. Nc3 Qa5 4. Nf3 c6 5. d4 Bf5 6. Bd3 Bxd3 7. Qxd3 e6 8. 0-0 Nf6 9. Ne4 Nbd7 10. Nxf6+ Nxf6 11. Qb3 Qc7 12. Ne5 Bd6 13. f4 0-0 14. Qf3 c5 15. c3 cxd4 16. cxd4 Qb6 17. Qd3 Qd8 18. b3 a6 19. Bb2 Rc8 20. Rad1 b5 21. f5 Bxe5 22. dxe5 Qxd3 23. Rxd3 Nd5 24. fxe6 fxe6 25. Rxf8+ Kxf8 26. Rd2 Kf7 27. Bd4 Kg6 28. g3 Kf5 29. Re2 g5 30. a3 g4 31. b4 Rc1+ 32. Kg2 Rc4 33. Bb2 Re4 34. Rf2+ Kg6 35. Kf1 Kg7 36. Re2 Rc4 37. Ke1 Kg6 38. Kd2 h5 39. Kd3 h4 40. Re4 hxg3 41. hxg3 Kf5 42. Rxc4 bxc4+ 43. Kxc4 Ke4 44. Kc5 Kf3 45. Kd6 Kxg3 46. Kxe6 Ne3 47. Kd7 Kf4 48. e6 g3 49. Be5+ Kxe5 50. e7 g2 51. e8Q+ Kf4 52. Qg6 Kf3 53. a4 Ng4 54. Qf5+ Kg3 55. Qc5 Kh2 56. b5 axb5 57. axb5 g1Q 58. Qxg1+ Kxg1 59. b6 Ne5+ 60. Kc7 Nd3 61. Kd6 Nb4 1/2-1/2

[Event "Bad Griesbach Seniors op 7th"]
[Site "Bad Griesbach"]
[Date "2004.12.09"]
[Round "5"]
[White "Ulmer, Heinz"]
[Black "Berchtold, Hans"]
[Result "0-1"]
[WhiteElo "1624"]
[BlackElo "1796"]
[PlyCount "128"]
[EventDate "2004.12.05"]
[EventType "swiss"]
[EventRounds "7"]
[EventCountry "GER"]
[SourceTitle "EXT 2006"]
[Source "ChessBase"]
[SourceDate "2005.11.24"]
[SourceVersion "1"]
[SourceVersionDate "2005.11.24"]
[SourceQuality "1"]

1. d4 Nf6 2. Nf3 b6 3. c4 Bb7 4. Nc3 e6 5. a3 d6 6. Bg5 Nbd7 7. e3 h6 8. Bh4 Be7 9. Bd3 e5 10. Bxf6 Bxf6 11. Ne4 0-0 12. d5 a5 13. 0-0 Be7 14. Ng3 Nc5 15. Bc2 Bc8 16. Bf5 g6 17. Bxc8 Qxc8 18. b4 Nd7 19. Qe2 f5 20. Nd2 e4 21. b5 Bf6 22. Ra2 Nc5 23. f3 Qe8 24. fxe4 fxe4 25. Qg4 Bg5 26. Rxf8+ Qxf8 27. Ndf1 Qc8 28. Qd1 Nd3 29. Nxe4 Ne5 30. Nxg5 hxg5 31. Qd4 Qg4 32. Qxg4 Nxg4 33. h3 Ne5 34. Nd2 g4 35. Kf2 Rf8+ 36. Kg3 gxh3 37. gxh3 g5 38. Ra1 Kg7 39. Rg1 Kh6 40. Kg2 Kg6 41. Rf1 Rxf1 42. Kxf1 Kh5 43. Kg2 Kh4 44. a4 Nd3 45. Nf3+ Kh5 46. Nd4 Nb2 47. Ne6 Nxa4 48. Nxc7 Nc5 49. Na6 Ne4 50. Kh2 a4 51. Nb4 a3 52. Na2 Kg6 53. Kg2 Kf5 54. Kg1 Nd2 55. Kf2 Nxc4 56. Ke2 Ne5 57. Nc3 Kg6 58. Kf1 Nd3 59. Na2 Kh5 60. Kg1 Kh4 61. Kg2 g4 62. hxg4 Kxg4 63. e4 Kf4 64. Nc3 Nb4 0-1

[Event "Bad Griesbach Seniors op 7th"]
[Site "Bad Griesbach"]
[Date "2004.12.06"]
[Round "2"]
[White "Ulmer, Heinz"]
[Black "Deser, Gustav"]
[Result "1-0"]
[WhiteElo "1624"]
[BlackElo "1358"]
[PlyCount "93"]
[EventDate "2004.12.05"]
[EventType "swiss"]
[EventRounds "7"]
[EventCountry "GER"]
[SourceTitle "EXT 2006"]
[Source "ChessBase"]
[SourceDate "2005.11.24"]
[SourceVersion "1"]
[SourceVersionDate "2005.11.24"]
[SourceQuality "1"]

1. d4 d5 2. Nc3 e6 3. Nf3 c5 4. dxc5 Bxc5 5. Bg5 Qb6 6. e3 Qxb2 7. Nb5 Qb4+ 8. c3 Qa5 9. Bf4 Bb6 10. Nd6+ Kf8 11. Qb3 Nc6 12. Ne5 Nxe5 13. Bxe5 Ne7 14. Nb5 a6 15. Nd6 Qc5 16. Nxf7 Kxf7 17. Bd4 Qc6 18. Bxb6 Bd7 19. Be2 Rhc8 20. Rc1 Qa4 21. Kd2 Ng6 22. f4 Bb5 23. f5 Qxb3 24. fxg6+ Kxg6 25. axb3 Bd7 26. Bd4 Kf7 27. Rhf1+ Kg8 28. Rf3 Rf8 29. Rcf1 Rxf3 30. Rxf3 a5 31. Kc2 b5 32. Kb2 a4 33. bxa4 bxa4 34. Bc5 Rb8+ 35. Bb4 e5 36. Rf1 d4 37. exd4 exd4 38. Bc4+ Kh8 39. Rf8+ Rxf8 40. Bxf8 dxc3+ 41. Kxc3 g6 42. Bh6 Bc6 43. g3 Bd7 44. Kd4 Bc8 45. Ke5 a3 46. Kf6 Ba6 47. Bg7# 1-0